| 000 | 01445nam0a22002651 4500 | ||
|---|---|---|---|
| 001 | rc\948445 | ||
| 005 | 20260407110949.0 | ||
| 035 | _a(NLR Aleph) 006120349 | ||
| 090 |
_a5454152 _c5454152 |
||
| 100 | _a20041129d1982 |||y0rusy50 ca | ||
| 101 | 0 | _arus | |
| 102 | _aRU | ||
| 105 | _ay ||||||||| | ||
| 200 | 1 |
_aМетодические указания по определению потребности в специалистах с высшим и средним специальным образованием для предприятий и организаций системы Министерства промышленности строительных материалов СССР _f[Подгот. В.П. Апыхтин и др.] |
|
| 210 |
_aМ. _cВНИИЭСМ _d1982 |
||
| 215 |
_a45 с. _d22 |
||
| 225 | 1 |
_aПромышленность строительных материалов _fВНИИ НТИ и экономики пром-сти строит. материалов _hСерия 1 _iЦементная промышленность _vВып. 1-1-32 |
|
| 320 | _aБиблиогр.: с. 20-21 (5 назв.) | ||
| 702 | 1 |
_aАпыхтин _bВ.П. _4570 |
|
| 712 | 0 | 1 |
_aСССР _bМинистерство промышленности строительных материалов _3RU\NLR\AUTH\889938458 _9371762 |
| 801 | 0 |
_aRU _bNLR _gpsbo |
|
| 801 | 1 |
_aRU _bELAR _2rusmarc |
|
| 852 |
_aNLR _j82-4/22932 |
||
| 942 | _cBOOK | ||
| 980 | _aNB | ||